000
00414nam a2200145Ia 4500
008
100122s9999 xx 000 0 und d
082
_b
32557
_a
823.08
100
_a
ओक सुनेत्रा
245
_a
आय कन्फेस
260
_b
परिमल प्रकाशन
_c
1982
300
_a
85
630
_a
आय कन्फेस
730
_a
आय कन्फेस
942
_c
BOOK
999
_c
416887
_d
416884